Seis voces celestes / (Record no. 177429)

MARC details
000 -LEADER
campo de control de longitud fija 00771nam a2200229 i 4500
001 - NÚMERO DE CONTROL
campo de control 177429
003 - IDENTIFICADOR DE NÚMERO DE CONTROL
campo de control ES-MaACL
005 - FECHA Y HORA DE LA ÚLTIMA TRANSACCIÓN
campo de control 20230906220328.0
008 - DATOS DE LONGITUD FIJA--INFORMACIÓN GENERAL
campo de control de longitud fija 110322s2004 sp a |||| | spa d
020 ## - NÚMERO INTERNACIONAL ESTÁNDAR DEL LIBRO
Número Internacional Estándar del Libro 84-95763-79-6
080 ## - NÚMERO DE LA CLASIFICACIÓN DECIMAL UNIVERSAL
Número de la Clasificación Decimal Universal 821.134.2(7/8)-14"19"(082.2)
245 00 - MENCIÓN DEL TÍTULO
Título Seis voces celestes /
Mención de responsabilidad, etc. selección y prólogo de Emilio Ballesteros ; [textos, Ileana Álvarez... et al.].
260 ## - PUBLICACIÓN, DISTRIBUCIÓN, ETC.
Lugar de publicación, distribución, etc. Granada :
Nombre del editor, distribuidor, etc. A. Sánchez,
Fecha de publicación, distribución, etc. 2004.
300 ## - DESCRIPCIÓN FÍSICA
Extensión 48 p. :
Otras características físicas il., fot. ;
Dimensiones 20 cm.
490 1# - MENCIÓN DE SERIE
Mención de serie Alhucema. Poesía
650 #4 - PUNTO DE ACCESO ADICIONAL DE MATERIA--TÉRMINO DE MATERIA
Término de materia o nombre geográfico como elemento de entrada Poesías hispanoamericanas-
Subdivisión general Autoras.
9 (RLIN) 170475
700 1# - ENTRADA AGREGADA--NOMBRE PERSONAL
Nombre de persona Ballesteros Almazán, Emilio.
9 (RLIN) 145802
700 1# - ENTRADA AGREGADA--NOMBRE PERSONAL
Nombre de persona Álvarez, Ileana.
9 (RLIN) 145803
830 0# - PUNTO DE ACCESO ADICIONAL DE SERIE-TÍTULO UNIFORME
Título uniforme Alhucema. Poesía
9 (RLIN) 224183
852 ## - LOCALIZACIÓN
Ubicación ES-MaACL
Número de control de estantería 2305-F-8
Holdings
Estatus retirado Estado de pérdida Estado de daño No para préstamo Colección Biblioteca de origen Biblioteca actual Ubicación en estantería Fecha de adquisición Fuente de adquisición Total de préstamos Signatura topográfica completa Código de barras Visto por última vez Precio de reemplazo Tipo de ítem Koha
        Colección de folletos Biblioteca del Ateneo de Madrid Biblioteca del Ateneo de Madrid Depósito folletos 22/03/2011     2305-F-8 1186353 23/02/2023 23/02/2023 Folleto